戦国・安土桃山時代 合戦名 - Statistics

General Stats
  • This quiz has been taken 42 times
  • The average score is 10 of 16
Answer Stats
勝者 敗者 Answer % Correct
1560年 織田信長 今川義元 桶狭間の戦い
100%
1582年 明智光秀 織田信長 本能寺の変
100%
1600年 徳川家康 石田三成 関ヶ原の戦い
100%
1575年 織田信長 武田勝頼 長篠の戦い
94%
1561 武田信玄 上杉謙信 第四次川中島の戦い
89%
1573年 武田信玄 徳川家康・織田信長 三方ヶ原の戦い
75%
1555年 毛利元就 陶晴賢 厳島の戦い
72%
1570年 織田信長・徳川家康 浅井長政・朝倉義景 姉川の戦い
72%
1584年 徳川家康・織田信雄 豊臣秀吉・池田恒興 小牧長久手の戦い
67%
1590年 豊臣秀吉 北条氏政 小田原征伐
67%
1583年 豊臣秀吉 柴田勝家・織田信孝 賤ヶ岳の戦い
61%
1577年 上杉謙信 柴田勝家・織田信長 手取川の戦い
39%
1546年 北条氏康 上杉憲政・足利晴氏 河越城の戦い
36%
1586年 佐竹義重 伊達政宗 人取橋の戦い
31%
1584年 有馬晴信・島津家久 龍造寺隆信 沖田畷の戦い
28%
1576年 織田信長・明智光秀 雑賀孫一・顕如 天王寺の戦い
6%
No matching quizzes found
Score Distribution
Percent of People with Each Score
Percentile by Number Answered
Your Score History
You have not taken this quiz